Movies with Corey Feldman AND Corey Haim - Statistics

General Stats
  • This quiz has been taken 19 times
  • The average score is 3 of 7
Answer Stats
Year Hint Film % Correct
1987 Supernatural comedy horror film The Lost Boys
100%
1988 Teen comedy film License to Drive
61%
1989 Fantasy-romantic comedy-drama film Dream a Little Dream
44%
1993 Erotic thriller film Blown Away
28%
1995 Direct-to-video teen comedy sequel Dream a Little Dream 2
28%
1997 Comedy (Feldman's directorial debut) Busted
22%
1994 Direct-to-video comedy film National Lampoon's Last Resort
17%
No matching quizzes found
Score Distribution
Percent of People with Each Score
Percentile by Number Answered
Your Score History
You have not taken this quiz